| 000 | 00000nam 2200000zi 4500 |
| 001 | 9.931329 |
| 003 | CaOODSP |
| 005 | 20240116131849 |
| 006 | m o d f |
| 007 | cr mn||||||||| |
| 008 | 231211s2022 onca ob f000 0 fre d |
| 040 | |aCaOODSP|bfre|erda|cCaOODSP |
| 043 | |an-cn--- |
| 086 | 1 |aIu86-66/2022F-PDF |
| 245 | 03|aLa renaissance du tourisme au Canada : |bnotre stratégie de relance : résumé pour les entreprises touristiques. |
| 264 | 1|a[Ottawa] : |bDestination Canada, |cprintemps 2022. |
| 300 | |a1 ressource en ligne (17 pages) : |billustrations en couleur |
| 336 | |atexte|btxt|2rdacontent/fre |
| 337 | |ainformatique|bc|2rdamedia/fre |
| 338 | |aressource en ligne|bcr|2rdacarrier/fre |
| 500 | |aPublié aussi en anglais sous le titre : Canada's tourism renaissance : our strategy for recovery : a summary for tourism businesses. |
| 504 | |aComprend des références bibliographiques. |
| 650 | 6|aTourisme|xPolitique gouvernementale|zCanada. |
| 650 | 6|aAide de l'État aux petites et moyennes entreprises|zCanada. |
| 710 | 2 |aDestination Canada, |eorganisme de publication. |
| 775 | 08|tCanada's tourism renaissance : |w(CaOODSP)9.931066 |
| 856 | 40|qPDF|s641 Ko|uhttps://publications.gc.ca/collections/collection_2023/dc/Iu86-66-2022-fra.pdf |